Geografía : argentina en la globalización mariana b. arzeno... [et al]

Guardado en:
Autor Principal: Arzeno, Mariana B.
Otros Autores: Ataide, Soraya, Bertoncello, Rodolfo, Casaubón, Hernán, García, Patricia, Minvielle, Sandra, Salleras, Andrea, Soto, Mercedes
Formato: Libro
Publicado: Buenos Aires : Santillana, 2016
Series:Nuevo Saberes clave
Materias:
Etiquetas: Agregar Etiqueta
Sin Etiquetas, Sea el primero en etiquetar este registro!
LEADER 01769nam a22003375a 4500
001 CEM.cems015197
008 130507s2016##################000#0#####d
005 20231123175503.0
245 1 0 |a Geografía :  |b argentina en la globalización mariana b. arzeno... [et al] 
260 |a Buenos Aires :  |b Santillana,  |c 2016 
300 |a 256 p. ; 28x22 cm 
490 0 |a Nuevo Saberes clave 
505 0 |a La Argentina en el contexto mundial -- Política, economía y sociedad en el territorio argentino -- El agro argentino: procesos, sujetos y problemáticas -- Circuitos agroindustriales -- La encrucijada del petróleo -- La industria y sus etapas -- Recursos naturales, ambiente y sustentabilidad -- La dismunución de bosques nativos -- Agua: entre la abundancia y la escasez -- Actividades mineras -- Desiguales condiciones de vida -- La pobreza en la Argentina -- Vulnerabilidad y desigualdades sociales en foco -- Estado, política y servicios públicos -- La Argentina urbana -- Las ciudades argentinas -- La organización espacial de las ciudades argentinas -- Infraestructuras que conectan ciudades -- 
020 |a 9789504651055 
100 1 |a Arzeno, Mariana B. 
700 1 |a Ataide, Soraya 
700 1 |a Bertoncello, Rodolfo 
700 1 |a Casaubón, Hernán 
700 1 |a García, Patricia 
700 1 |a Minvielle, Sandra 
700 1 |a Salleras, Andrea 
700 1 |a Soto, Mercedes 
082 0 4 |a 330.982 
653 |a Geografía 
653 |a Geografía económica 
653 |a Geografía argentina 
653 |a Argentina en la globalización 
653 |a Globalización 
653 |a Industria argentina 
859 |a CEMS  |b BIB. CEMS - 11 de abril  |h 330.982  |i Ar89-1  |p 28315.19  |t Ej.1 
859 |a CEMS  |b BIB. CEMS - 11 de abril  |h 330.982  |i Ar89-1  |p 29808.23  |t Ej.2